000 00746nam a2200241 a 4500
008
020 _a047180455X (cased)
050 0 0 _aHD30.65
_fDIT
100 1 _aDittrich, John E.
245 1 4 _aThe general manager and strategy formulation :
_bobjectives, missions, strategies, policies /
_cJohn E. Dittrich.
260 _aNew York :
_bWiley,
_cc1988.
300 _axii, 774, [6] p. :
_bill. ;
_c25 cm.
504 _aIncludes bibliographical references.
500 _aIncludes index.
650 0 _aIndustrial management.
650 0 _aStrategic planning.
907 _a.b10081227
_b08-01-04
_c10-07-03
003
005 20230123133327.0
040 _cNUST
049 _aMAIN
942 _cBOOKS
999 _c146660
_d146660